000 00440cam a2200169ua 4500
020 _c1.00
041 _amal
_h
082 _a500
_bBHA/GR
100 _aBhaskara Panicker, V T .
245 _aGrahanthara yathra /
_cV T Bhaskara Panicker.
_hTextual Documents
260 _aKottayam :
_bSahitya Pravarthaka Co-operative Society ,
_c1959.
300 _a80 ; .
365 _a1.00
504 _a
942 _cBK
999 _c5980
_d5980